|
|
|
|
| LEADER |
00000cam a22000004a 4500 |
| 001 |
musev2_28055 |
| 003 |
MdBmJHUP |
| 005 |
20230905042954.0 |
| 006 |
m o d |
| 007 |
cr||||||||nn|n |
| 008 |
100420s2006 ohu o 00 0 eng d |
| 020 |
|
|
|a 9780814272466
|
| 020 |
|
|
|z 0814272460
|
| 020 |
|
|
|z 9780814251584
|
| 020 |
|
|
|z 0814251587
|
| 035 |
|
|
|a (OCoLC)1292061760
|
| 040 |
|
|
|a MdBmJHUP
|c MdBmJHUP
|
| 100 |
1 |
|
|a Nordhaus, Jean,
|d 1939-
|
| 245 |
1 |
0 |
|a Innocence /
|c Jean Nordhaus.
|
| 264 |
|
1 |
|a Columbus :
|b Ohio State University Press,
|c 2006.
|
| 264 |
|
3 |
|a Baltimore, Md. :
|b Project MUSE,
|c 2022
|
| 264 |
|
4 |
|c ©2006.
|
| 300 |
|
|
|a 1 online resource (64 pages).
|
| 336 |
|
|
|a text
|b txt
|2 rdacontent
|
| 337 |
|
|
|a computer
|b c
|2 rdamedia
|
| 338 |
|
|
|a online resource
|b cr
|2 rdacarrier
|
| 588 |
|
|
|a Description based on print version record.
|
| 650 |
|
7 |
|a American poetry.
|2 fast
|0 (OCoLC)fst00807348
|
| 650 |
|
7 |
|a LITERARY CRITICISM
|x Poetry.
|2 bisacsh
|
| 650 |
|
0 |
|a American poetry
|y 21st century.
|
| 655 |
|
7 |
|a Electronic books.
|2 local
|
| 710 |
2 |
|
|a Project Muse.
|e distributor
|
| 830 |
|
0 |
|a Book collections on Project MUSE.
|
| 856 |
4 |
0 |
|z Texto completo
|u https://projectmuse.uam.elogim.com/book/28055/
|
| 945 |
|
|
|a Project MUSE - Custom Collection
|